01021nam a22002417a 4500003000400000005001700004008004100021020001800062040003700080082001700117100003100134245005100165250000800216260006900224300001400293650001800307650003000325650003100355942001200386952018300398952018300581999001500764OSt20260512121428.0260512b |||||||| |||| 00| 0 eng d a9789386070906 bEnglishcCentral Library IIT Goa a530.122bJOS aJoshi, A. W.eauthor93822 aMatrices and Tensors in Physics /cA. W. Joshi a4/e aNew Delhi:bNew Age International (P) Limited, Publishers,c2017 axiv,342p. aMatrices9705 aCalculos of Tensors93823 aMathematical Physics93783 2ddccBK 00102ddc40708TECHaIITGCLbIITGCLcGENd2026-05-12eCreative Booksg450.00l0o530.122 JOSp4681r2026-05-12 12:13:26t1v450.00w2026-05-12yBKzCB/26216||28-04-2026||20.00% 00102ddc40708TECHaIITGCLbIITGCLcGENd2026-05-12eCreative Booksg450.00l0o530.122 JOSp4682r2026-05-12 12:13:26t2v450.00w2026-05-12yBKzCB/26216||28-04-2026||20.00% c1925d1925